<?xml version="1.0" encoding="UTF-8"?>
<record
    xmlns:xsi="http://www.w3.org/2001/XMLSchema-instance"
    xsi:schemaLocation="http://www.loc.gov/MARC21/slim http://www.loc.gov/standards/marcxml/schema/MARC21slim.xsd"
    xmlns="http://www.loc.gov/MARC21/slim">

  <leader>01529cam a22003493a 4500</leader>
  <controlfield tag="001">0000709</controlfield>
  <controlfield tag="003">DO-SdBNP</controlfield>
  <controlfield tag="005">20171110111906.0</controlfield>
  <controlfield tag="007">0000709</controlfield>
  <controlfield tag="008">861112   2011  sp ac         000 0 spa d</controlfield>
  <datafield tag="010" ind1=" " ind2=" ">
    <subfield code="a"> </subfield>
  </datafield>
  <datafield tag="020" ind1=" " ind2=" ">
    <subfield code="a">9788426716583 (Marcombo)</subfield>
  </datafield>
  <datafield tag="020" ind1=" " ind2=" ">
    <subfield code="a">9788496334908(Altamar)</subfield>
  </datafield>
  <datafield tag="040" ind1=" " ind2=" ">
    <subfield code="a">BPMSU</subfield>
    <subfield code="c">spa</subfield>
    <subfield code="d">BPMSU</subfield>
    <subfield code="d"> </subfield>
  </datafield>
  <datafield tag="082" ind1=" " ind2="4">
    <subfield code="a">621.3 </subfield>
    <subfield code="b">E38i</subfield>
  </datafield>
  <datafield tag="100" ind1="1" ind2=" ">
    <subfield code="a">Rodr&#xED;guez Arenas, Antonio</subfield>
  </datafield>
  <datafield tag="245" ind1="1" ind2="0">
    <subfield code="a">Instalaciones dom&#xF3;ticas /</subfield>
    <subfield code="c">Antonio Rodr&#xED;guez Arenas, Miguel Casa Vilaseca </subfield>
  </datafield>
  <datafield tag="260" ind1="0" ind2=" ">
    <subfield code="a">Barcelona :</subfield>
    <subfield code="b">Lexus,</subfield>
    <subfield code="c">2011.</subfield>
  </datafield>
  <datafield tag="300" ind1=" " ind2=" ">
    <subfield code="a">207 p. :</subfield>
    <subfield code="b">il.</subfield>
    <subfield code="c">31 cm.</subfield>
  </datafield>
  <datafield tag="490" ind1=" " ind2=" ">
    <subfield code="a">Electricidad y electr&#xF3;nica / CFGM instalaciones el&#xE9;ctricas y autom&#xE1;ticas</subfield>
  </datafield>
  <datafield tag="500" ind1=" " ind2=" ">
    <subfield code="a">Se utiliz&#xF3;  cutter de la serie para reunir la colecci&#xF3;n en la estanter&#xED;a</subfield>
  </datafield>
  <datafield tag="505" ind1="0" ind2=" ">
    <subfield code="t">Automatizaci&#xF3;n de viviendas --</subfield>
    <subfield code="t">Sistema t&#xE9;cnico de automatizaci&#xF3;n basado en corrientes portadoras --</subfield>
    <subfield code="t">Sistema dom&#xF3;ticos basados en bus con tecnolog&#xED;a LonWorks --</subfield>
    <subfield code="t">Sistema de automatizaci&#xF3;n mediante EIB --</subfield>
    <subfield code="t">Sistema t&#xE9;cnico de automatizaci&#xF3;n basado en aut&#xF3;matas programables --</subfield>
    <subfield code="t">Sistema dom&#xF3;ticos inal&#xE1;mbricos --</subfield>
    <subfield code="t">Soluciones dom&#xF3;ticas alternativas --</subfield>
  </datafield>
  <datafield tag="600" ind1=" " ind2=" ">
    <subfield code="a"> </subfield>
    <subfield code="x"> </subfield>
  </datafield>
  <datafield tag="650" ind1=" " ind2="4">
    <subfield code="a">VIVIENDAS INTELIGENTES</subfield>
  </datafield>
  <datafield tag="650" ind1=" " ind2="4">
    <subfield code="a">EDIFICIOS INTELIGENTES</subfield>
  </datafield>
  <datafield tag="700" ind1="1" ind2="2">
    <subfield code="a">Casa Vilaseca, Miguel</subfield>
  </datafield>
  <datafield tag="830" ind1=" " ind2="0">
    <subfield code="a">Electricidad y electr&#xF3;nica / CFGM instalaciones el&#xE9;ctricas y autom&#xE1;ticas</subfield>
  </datafield>
  <datafield tag="910" ind1=" " ind2=" ">
    <subfield code="a">Validado. Control de calidad MFF</subfield>
  </datafield>
  <datafield tag="942" ind1=" " ind2=" ">
    <subfield code="2">ddc</subfield>
    <subfield code="c">BK</subfield>
  </datafield>
  <datafield tag="945" ind1=" " ind2=" ">
    <subfield code="a">Invetariado extranjerov / 2017 VM</subfield>
  </datafield>
  <datafield tag="952" ind1=" " ind2=" ">
    <subfield code="0">0</subfield>
    <subfield code="1">0</subfield>
    <subfield code="2">ddc</subfield>
    <subfield code="4">0</subfield>
    <subfield code="7">0</subfield>
    <subfield code="8">CG</subfield>
    <subfield code="a">BPMET</subfield>
    <subfield code="b">BPMET</subfield>
    <subfield code="d">2016-10-11</subfield>
    <subfield code="e"> </subfield>
    <subfield code="l">0</subfield>
    <subfield code="o">621.3  E38i</subfield>
    <subfield code="p">BPMSU16100083</subfield>
    <subfield code="r">2016-10-11</subfield>
    <subfield code="w">2016-10-11</subfield>
    <subfield code="y">BK</subfield>
  </datafield>
  <datafield tag="952" ind1=" " ind2=" ">
    <subfield code="0">0</subfield>
    <subfield code="1">0</subfield>
    <subfield code="2">ddc</subfield>
    <subfield code="4">0</subfield>
    <subfield code="7">0</subfield>
    <subfield code="8">CG</subfield>
    <subfield code="a">BPMET</subfield>
    <subfield code="b">BPMET</subfield>
    <subfield code="d">2016-10-11</subfield>
    <subfield code="e"> </subfield>
    <subfield code="l">0</subfield>
    <subfield code="o">621.3  E38i</subfield>
    <subfield code="p">BPMSU16100087</subfield>
    <subfield code="r">2016-10-11</subfield>
    <subfield code="t">e. 2</subfield>
    <subfield code="w">2016-10-11</subfield>
    <subfield code="y">BK</subfield>
  </datafield>
  <datafield tag="956" ind1=" " ind2=" ">
    <subfield code="2">YLOCKWARD</subfield>
    <subfield code="3">10</subfield>
    <subfield code="8">BPMSU</subfield>
  </datafield>
  <datafield tag="999" ind1=" " ind2=" ">
    <subfield code="c">11522</subfield>
    <subfield code="d">11522</subfield>
  </datafield>
</record>
